| 000 -LEADER |
| fixed length control field |
00886nam a22001217a 4500 |
| 040 ## - CATALOGING SOURCE |
| Transcribing agency |
RUA |
| 082 ## - DEWEY DECIMAL CLASSIFICATION NUMBER |
| Classification number |
LMA YEN 2024 B701 Or.1 |
| 100 ## - MAIN ENTRY--AUTHOR NAME |
| Personal name |
YEN STHAY, យ៉ែន ស៊ីថា |
| 245 ## - TITLE STATEMENT |
| Title |
Study On The Public Posting Of Judicial Documents In The Systematic Land Registration In Koy Meng Commune, Mongkul Borei District, Banteay Meanchey Province, សិក្សាអំពីនីតិវិធីនៃការបិទផ្សាយជាសាធារណៈនូវ ឯកសារនៃការវិនិច្ឆ័យក្នុងការចុះបញ្ចីដីធ្លីមានលក្ខណៈជាប្រព័ន្ធស្ថិតនៅឃុំគយម៉ែង ស្រុកមង្គលបូរ ខេត្តបន្ទាយមានជ័យ |
| 260 ## - PUBLICATION, DISTRIBUTION, ETC. (IMPRINT) |
| Place of publication |
PHNOM PENH |
| Name of publisher |
RUA |
| Year of publication |
2024 |
| 300 ## - PHYSICAL DESCRIPTION |
| Number of Pages |
xi, |
| Other physical details |
ill, |
| Dimensions |
29cm, |
| 942 ## - ADDED ENTRY ELEMENTS (KOHA) |
| Koha item type |
LMA |
| 952 ## - LOCATION AND ITEM INFORMATION (KOHA) |
| Withdrawn status [LOCAL, KOHA] |
0 |
| 952 ## - LOCATION AND ITEM INFORMATION (KOHA) |
| Withdrawn status [LOCAL, KOHA] |
0 |